| Tag |
First Indicator |
Second Indicator |
Subfields |
| LEADER |
00000cam a22000001a 4500 |
| 001 |
in00002943613 |
| 005 |
20190401191255.0 |
| 006 |
m o d |
| 007 |
cr un mmmapmmp |
| 008 |
070108s1891 dcu o f000 0 eng d |
| 035 |
|
|
|a cis2004071577
|
| 040 |
|
|
|a UMI
|c UMI
|d UtOrBLW
|
| 043 |
|
|
|a n-us---
|
| 099 |
|
|
|a ProQuest Serial Set Number 2887 H.rp.3578
|
| 110 |
1 |
|
|a United States.
|b Congress.
|b House.
|
| 245 |
1 |
0 |
|a Washington M. Rice.
|
| 246 |
1 |
|
|a Rice, Washington M., Pensions
|
| 264 |
|
1 |
|a Washington :
|b [publisher not identified],
|c 1891.
|
| 300 |
|
|
|a 1 online resource.
|
| 336 |
|
|
|a text
|b txt
|2 rdacontent
|
| 337 |
|
|
|a computer
|b c
|2 rdamedia
|
| 338 |
|
|
|a online resource
|b cr
|2 rdacarrier
|
| 490 |
0 |
|
|a H.rp.3578
|
| 500 |
|
|
|a Record is based on bibliographic data in ProQuest U.S. Serial Set Digital Collection (last viewed Jan. 2007). Reuse except for individual research requires license from ProQuest, LLC.
|
| 510 |
3 |
|
|a ProQuest U.S. Serial Set Digital Collection
|
| 500 |
|
|
|a Electronic resource.
|
| 610 |
1 |
0 |
|a United States.
|b Congress
|v Private bills.
|
| 650 |
|
0 |
|a Bills, Private
|z United States.
|
| 651 |
|
0 |
|a United States
|x Claims.
|
| 655 |
|
7 |
|a Electronic books.
|2 local
|
| 710 |
2 |
|
|a ProQuest (Firm)
|
| 710 |
1 |
|
|a United States.
|b Congress.
|b House.
|b Committee on Pensions.
|
| 830 |
|
0 |
|a United States congressional serial set.
|
| 856 |
4 |
0 |
|u http://proxy.library.tamu.edu/login?url=http://congressional.proquest.com/congcomp/getdoc?SERIAL-SET-ID=2887+H.rp.3578
|z Connect to the full text of this electronic book
|t 0
|
| 999 |
|
|
|a MARS
|
| 999 |
f |
f |
|s 6fb6020c-a54a-3f3a-9cdc-8c256419894a
|i 04c5de16-ea36-3d57-8dc8-282dd58f3934
|t 0
|
| 952 |
f |
f |
|a Texas A&M University
|b College Station
|c Electronic Resources
|d Available Online
|t 0
|e ProQuest Serial Set Number 2887 H.rp.3578
|h Other scheme
|
| 998 |
f |
f |
|a ProQuest Serial Set Number 2887 H.rp.3578
|t 0
|l Available Online
|